Multi-Category Fivesomes Quiz Stats

 Plays Quiz Updated Oct 30, 2018

Score 0/75 Timer 08:00
15 Plays Today
% Correct
France
97.9%
England
97.5%
Italy
96.9%
Michigan
96.5%
Dorothy Gale
96.3%
Spain
96.2%
Ontario
96.2%
Germany/West Germany
96.1%
Erie
95.9%
Tin Man
95.8%
Cowardly Lion
95.8%
Scarecrow
95.6%
Superior
95%
Huron
93.7%
Dopiest
93.2%
Toto
93.2%
Helium
93.2%
Podites
92.7%
Argon
92.7%
Posited
92.6%
Neon
92%
Coal Eyes
91.7%
Deposit
91.4%
Drei
91.1%
Fünf
91.1%
Button Nose
91%
Hollandaise
90.9%
Eins
90.7%
Xenon
90.7%
Draw Two
90.7%
Topside
90.4%
Corncob Pipe
90.1%
Old Silk Hat
89.9%
Krypton
88.8%
Skip
88.7%
Snow
88.4%
A Little Night Music
88.1%
A Funny Thing Happened on the Way to the Forum
88%
% Correct
Tomate
87.9%
Wild Draw Four
87%
Vier
86.8%
Queen Elizabeth II
86.3%
Reverse
86.2%
Wild
85.9%
Béchamel
85%
Sweeney Todd
84.5%
Viola Desmond
83.4%
Hajj
82.5%
Salat
82%
Zwei
81.8%
Nick Carter
80.7%
Velouté
78.2%
William Lyon Mackenzie King
78.1%
Mike Wheeler
78%
AJ McLean
77%
Zakat
76.9%
Kevin Richardson
76.8%
Shahada
76.4%
Dustin Henderson
75.5%
Lucas Sinclair
75.4%
Sawm
72.9%
Espagnole
72.4%
Brian Littrell
72.3%
Candor
70.1%
Dauntless
69.2%
Howie Dorough
68.5%
Amity
67%
Will Byers
66.8%
Wilfrid Laurier
66.2%
Abnegation
66%
Robert Borden
64.5%
Erudite
64%
Company
56.1%
Eleven
49.6%
Passion
45.5%

You're not logged in!

Compare scores with friends on all Sporcle quizzes.
OR
Log In

Sporcle TV

Today on Sporcle TV


Watch our educational content, quiz creation guides, and fun videos on Sporcle TV.

Show Comments

Extras

Top Quizzes Today


Score Distribution

Your Account Isn't Verified!

In order to create a playlist on Sporcle, you need to verify the email address you used during registration. Go to your Sporcle Settings to finish the process.

Report this User

Report this user for behavior that violates our Community Guidelines.

Details: